MARC details
| 000 -CABECERA |
| campo de control de longitud fija |
01088cam a2200265 a 4500 |
| 001 - NÚMERO DE CONTROL |
| campo de control |
000013244 |
| 005 - FECHA Y HORA DE LA ÚLTIMA TRANSACCIÓN |
| campo de control |
20200929163156.0 |
| 008 - DATOS DE LONGITUD FIJA--INFORMACIÓN GENERAL |
| campo de control de longitud fija |
790119s1977 sp ab 001 0 spa |
| 015 ## - NÚMERO DE BIBLIOGRAFÍA NACIONAL |
| Número de bibliografía nacional |
Sp*** |
| 040 ## - FUENTE DE LA CATALOGACIÓN |
| Centro catalogador/agencia de origen |
DO-SdBNP |
| Lengua de catalogación |
spa |
| Centro/agencia transcriptor |
DLC |
| Centro/agencia modificador |
BNPHU |
| 082 ## - NÚMERO DE LA CLASIFICACIÓN DECIMAL DEWEY |
| Número de clasificación |
333.7 |
| Número de documento/Ítem |
L864e |
| 049 ## - FONDOS LOCALES (OCLC) |
| Fondos de biblioteca |
BNGR |
| 100 1# - ENTRADA PRINCIPAL--NOMBRE DE PERSONA |
| Nombre de persona |
López de Sebastián, José |
| Fechas asociadas al nombre |
1937- |
| 9 (RLIN) |
30416 |
| 245 10 - MENCIÓN DE TÍTULO |
| Título |
Evaluación económica del impacto ambiental / |
| Mención de responsabilidad, etc. |
José López de Sebastián, José Gómez de Aguero. |
| 260 ## - PUBLICACIÓN, DISTRIBUCIÓN, ETC. |
| Lugar de publicación, distribución, etc. |
Madrid, (España) : |
| Nombre del editor, distribuidor, etc. |
Centro Internacional de Formación en Ciencias Ambientales,(CIFCA), |
| Fecha de publicación, distribución, etc. |
1977. |
| 300 ## - DESCRIPCIÓN FÍSICA |
| Extensión |
85 p. : |
| Otras características físicas |
il., mapas ; |
| Dimensiones |
21 cm. |
| 490 1# - MENCIÓN DE SERIE |
| Mención de serie |
Cuadernos del Centro Internacional de Formación en Ciencias Ambientales |
| Designación de volumen o secuencia |
3 |
| 650 #4 - PUNTO DE ACCESO ADICIONAL DE MATERIA--TÉRMINO DE MATERIA |
| Término de materia o nombre geográfico como elemento de entrada |
Protección del medio ambiente |
| Subdivisión geográfica |
España |
| Subdivisión general |
Costos |
| 9 (RLIN) |
30417 |
| 650 #4 - PUNTO DE ACCESO ADICIONAL DE MATERIA--TÉRMINO DE MATERIA |
| Término de materia o nombre geográfico como elemento de entrada |
Áreas de recreo |
| Subdivisión geográfica |
España |
| 9 (RLIN) |
30418 |
| 650 #4 - PUNTO DE ACCESO ADICIONAL DE MATERIA--TÉRMINO DE MATERIA |
| Término de materia o nombre geográfico como elemento de entrada |
Costos |
| 9 (RLIN) |
30419 |
| 650 #4 - PUNTO DE ACCESO ADICIONAL DE MATERIA--TÉRMINO DE MATERIA |
| Término de materia o nombre geográfico como elemento de entrada |
Contaminación ambiental |
| 9 (RLIN) |
10756 |
| 700 1# - PUNTO DE ACCESO ADICIONAL--NOMBRE DE PERSONA |
| Nombre de persona |
Gómez de Aguero, José |
| 9 (RLIN) |
30420 |
| 830 #0 - PUNTO DE ACCESO ADICIONAL DE SERIE-TÍTULO UNIFORME |
| Título uniforme |
Cuadernos del Centro Internacional de Formación en Ciencias Ambientales ; |
| Designación de volumen o secuencia |
3 |
| 9 (RLIN) |
30421 |
| 910 ## - DATOS DE OPCIÓN DEL USUARIO (OCLC) |
| Datos de opción del usuario |
Catalogación por copia / LC |